000 00867nam a2200253Ia 4500
003 OSt
005 20221005103835.0
006 a|||||r|||| 00| 0
007 ta
008 221004b |||||||| |||| 00| 0 san d
024 _a32677
037 _cTextual
040 _aCRL
_cCRL
_bsan
041 _2san
_asan
082 _aO15,6N36x, M5
100 _aदीक्षितः, हरिनारायण
245 0 _aसंस्कृतनिबन्धावली
246 _aSanskṛutanibandhāvalī
260 _aदिल्ली
_bईस्टर्न बुक लिंकर्स भारत
_c1985
300 _a126पृ.
_ccm.
650 _aसंस्कृत साहित्य
942 _hO15,6N36x, M5
_cTEXL
_2cc
999 _c1011060
_d1011060